Franco Albini, 1930-1970. (Record no. 24038)
[ view plain ]
| 000 -LEADER | |
|---|---|
| fixed length control field | 00970cam a2200301 a 4500 |
| 001 - CONTROL NUMBER | |
| control field | 1339332 |
| 005 - DATE AND TIME OF LATEST TRANSACTION | |
| control field | 20170127152710.0 |
| 008 - FIXED-LENGTH DATA ELEMENTS--GENERAL INFORMATION | |
| fixed length control field | 820201s1981 nyua bc 000 0 ita |
| 010 ## - LIBRARY OF CONGRESS CONTROL NUMBER | |
| LC control number | 79092904 |
| 020 ## - INTERNATIONAL STANDARD BOOK NUMBER | |
| International Standard Book Number | 0847803031 (pbk.) |
| 040 ## - CATALOGING SOURCE | |
| Original cataloging agency | DLC |
| Transcribing agency | DLC |
| Modifying agency | DLC |
| 041 0# - LANGUAGE CODE | |
| Language code of text/sound track or separate title | itaeng |
| 043 ## - GEOGRAPHIC AREA CODE | |
| Geographic area code | e-it--- |
| 050 00 - LIBRARY OF CONGRESS CALL NUMBER | |
| Classification number | NA1123 |
| Item number | .A525A4 1981 |
| 100 1# - MAIN ENTRY--PERSONAL NAME | |
| Personal name | Albini, Franco. |
| 245 10 - TITLE STATEMENT | |
| Title | Franco Albini, 1930-1970. |
| 260 ## - PUBLICATION, DISTRIBUTION, ETC. (IMPRINT) | |
| Place of publication, distribution, etc. | New York : |
| Name of publisher, distributor, etc. | Rizzoli, |
| Date of publication, distribution, etc. | 1981. |
| 300 ## - PHYSICAL DESCRIPTION | |
| Extent | 184 p. : |
| Other physical details | ill. (some col.) ; |
| Dimensions | 23 cm. |
| 500 ## - GENERAL NOTE | |
| General note | Part of the text also in English. |
| 500 ## - GENERAL NOTE | |
| General note | Exhibition catalog. |
| 504 ## - BIBLIOGRAPHY, ETC. NOTE | |
| Bibliography, etc | Includes bibliographical references. |
| 600 10 - SUBJECT ADDED ENTRY--PERSONAL NAME | |
| Personal name | Albini, Franco |
| Form subdivision | Exhibitions. |
| 650 #0 - SUBJECT ADDED ENTRY--TOPICAL TERM | |
| Topical term or geographic name as entry element | Architecture |
| Geographic subdivision | Italy |
| General subdivision | History |
| Chronological subdivision | 20th century |
| Form subdivision | Exhibitions. |
| 942 ## - ADDED ENTRY ELEMENTS (KOHA) | |
| Source of classification or shelving scheme | |
| Koha item type | Hard Covered Materials |
| Classification part | NA1123 .A525A4 1981 |
| Withdrawn status | Lost status | Source of classification or shelving scheme | Damaged status | Not for loan | Home library | Current library | Shelving location | Date acquired | Source of acquisition | Total Checkouts | Full call number | Barcode | Date last seen | Price effective from | Koha item type |
|---|---|---|---|---|---|---|---|---|---|---|---|---|---|---|---|
| MACHAKOS UNIVERSITY LIBRARY | MACHAKOS UNIVERSITY LIBRARY | Technical section | 27/01/2017 | Donation(BFA) | NA1123 .A525A4 1981 | 32538 | 08/06/2018 | 27/01/2017 | Hard Covered Materials |